01253nam a2200325Ia 4500001001200000003000800012006001900020007001500039008004100054020001500095020001800110020001800128040002100146035002100167050002400188082001500212100002100227245007400248260006100322300002500383490007000408504006400478533015200542650002200694650002200716655002900738710001700767856012600784999001700910ebr10688106CaPaEBRm u cr cn|||||||||080520s2008 si a sb 001 0 eng d z9812814558 z9789812814555 z9789812814562 aCaPaEBRcCaPaEBR a(OCoLC)82094452914aQ325.5b.G37 2008eb04a006.312231 aGartner, Thomas.10aKernels for structured datah[electronic resource] /cThomas Gartner. aSingapore ;aHackensack, NJ :bWorld Scientific,cc2008. axvii, 197 p. :bill.0 aSeries in machine perception and artificial intelligence ;vv. 72 aIncludes bibliographical references (p. 179-190) and index. aElectronic reproduction.bPalo Alto, Calif. :cebrary,d2013.nAvailable via World Wide Web.nAccess may be limited to ebrary affiliated libraries. 0aMachine learning. 0aKernel functions. 7aElectronic books.2local2 aebrary, Inc.40uhttp://site.ebrary.com/lib/rucke/Doc?id=10688106zAn electronic book accessible through the World Wide Web; click to view c29806d29806